000
00289nam a22001337a 4500
008
171016b xxu||||| |||| 00| 0 eng d
020
_a
070326797
041
_a
eng
080
_2
2ND
_a
33
100
_a
52
101
_a
EKO
245
_a
ECONOMETRIC METHODS
_c
JOHNSTON,J
942
_2
udc
_c
BK
999
_c
34021
_d
34021